000 00325nam a2200133 i 4500
001 bg
100 1 _aSZMIDT, Leszek
245 0 _aZdalne i bezpośrednie sterowanie odbiornika /
_cLeszek Szmidt.
260 _aWarszawa,
_c1978.
040 _cBPK
041 _apol
942 _cKS
008 s pl f |000 0 pol
999 _c27905
_d27905
856 _uhttp://koha.tu.koszalin.pl/cgi-bin/koha/opac-detail.pl?biblionumber=27905
_yKatalog online BPK